| 000 | 01044cam a22003258i 4500 | ||
|---|---|---|---|
| 001 | 18915184 | ||
| 003 | ARRUPE | ||
| 005 | 20221129093658.0 | ||
| 008 | 151222s2016 enk 000 0 eng | ||
| 010 | _a 2015048684 | ||
| 020 | _a9781138886131 (hbk) | ||
| 020 | _a9781138886162 (pbk) | ||
| 020 | _a9781315715049 (ebk) | ||
| 028 | _barrupe | ||
| 040 |
_aDLC _beng _cDLC _erda _dDLC |
||
| 042 | _apcc | ||
| 043 | _af-ti--- | ||
| 050 | 0 | 0 |
_aJQ3330 _b.A44 2016 |
| 082 | 0 | 0 |
_a320.9611 _223 |
| 100 | 1 |
_aAlexander, Christopher. _952056 |
|
| 245 | 1 | 0 |
_aTunisia : _bfrom stability to revolution in the Maghreb / _cChristopher Alexander. |
| 250 | _aSecond edition. | ||
| 300 |
_a170 pages ; _c24 cm |
||
| 650 | 0 |
_aPolitical stability _zTunisia. _952057 |
|
| 650 | 0 |
_aAuthoritarianism _zTunisia. _952058 |
|
| 651 | 0 |
_aTunisia _xPolitics and government _y1987- _952059 |
|
| 906 |
_a7 _bcbc _corignew _d1 _eecip _f20 _gy-gencatlg |
||
| 942 |
_2lcc _cMONOGRAPH |
||
| 999 |
_c131590 _d131590 |
||